[Event "Junior Online 4NCL Division 4"]
[Site "online"]
[Date "2021.09.02"]
[EventDate "2021.09.02"]
[Round "2.225"]
[White "McAllister, Frazer"]
[WhiteElo "850"]
[WhiteTeam "Knights of Fishponds"]
[Black "Phillips, Thomas"]
[BlackElo "909"]
[BlackTeam "Brentwood School C"]
[Result "0-1"]
[PlyCount "122"]

1. d4 e6 2. Bf4 Nf6 3. e3 d6 4. Nf3 g6 5. Bd3 Bg7 6. Nbd2 O-O 7. O-O Nbd7 8. c3 Re8 9. Qe2 e5 10. dxe5 dxe5 11. Bg3 e4 12. Bc2 exf3 13. Qxf3 Ne5 14. Bxe5 Rxe5 15. Nc4 Re8 16. Rad1 Qe7 17. Rfe1 Bg4 18. Qxb7 Bxd1 19. Rxd1 c5 20. Qxe7 Rxe7 21. Nd6 Rd8 22. Nb5 Rxd1+ 23. Bxd1 Rd7 24. Be2 c4 25. b3 cxb3 26. axb3 Ne4 27. Bg4 f5 28. Bf3 Nxc3 29. Nxc3 Bxc3 30. h3 Rd2 31. e4 fxe4 32. Bxe4 Be5 33. g3 Rb2 34. Bd5+ Kg7 35. f4 Bd4+ 36. Kh1 Rb1+ 37. Kh2 Bg1+ 38. Kg2 Be3 39. h4 Rd1 40. Kf3 Rxd5 41. Kxe3 Rb5 42. g4 Rxb3+ 43. Ke4 h5 44. gxh5 gxh5 45. f5 Kf6 46. Kf4 Rb4+ 47. Ke3 Ke5 48. Kf3 a5 49. f6 Rb3+ 50. Kg2 Kxf6 51. Kf2 Kf5 52. Ke2 Kf4 53. Kd2 Rh3 54. Ke2 a4 55. Kd2 Ke4 56. Kc2 Kd4 57. Kb2 Kc4 58. Ka2 Kb4 59. Ka1 Rh2 60. Kb1 Kc3 61. Ka1 Kb3 0-1

[Event "Junior Online 4NCL Division 4"]
[Site "online"]
[Date "2021.09.02"]
[EventDate "2021.09.02"]
[Round "2.226"]
[White "Edinburgh, Christian"]
[WhiteElo "800"]
[WhiteTeam "Brentwood School C"]
[Black "Bleeg, Julian"]
[BlackElo "797"]
[BlackTeam "Knights of Fishponds"]
[Result "1-0"]
[PlyCount "93"]

1. e4 e5 2. Nf3 Nc6 3. d4 exd4 4. Nxd4 Nf6 5. Nxc6 dxc6 6. Qxd8+ Kxd8 7. Bg5 Ke8 8. Bxf6 gxf6 9. Nc3 Bb4 10. Bd3 Bg4 11. O-O Bxc3 12. bxc3 c5 13. f3 Be6 14. f4 c4 15. Be2 Rg8 16. f5 Bd7 17. Bxc4 b5 18. Bd5 c6 19. Bb3 a5 20. a4 b4 21. cxb4 axb4 22. a5 c5 23. Bd5 Ra6 24. e5 fxe5 25. f6 Bc8 26. c3 bxc3 27. Rab1 Rxa5 28. Rb8 Kd7 29. Bxf7 Rf8 30. Rd1+ Kc7 31. Rxc8+ Kxc8 32. Be6+ Kc7 33. Rd7+ Kb6 34. f7 Ra1+ 35. Kf2 Ra2+ 36. Ke3 Rxg2 37. Bd5 Rg3+ 38. hxg3 h5 39. Kd3 c4+ 40. Bxc4 e4+ 41. Kxc3 Kc5 42. Re7 e3 43. Rxe3 Rxf7 44. Bxf7 Kd6 45. Bxh5 Kd5 46. Kd3 Kd6 47. g4 1-0

[Event "Junior Online 4NCL Division 4"]
[Site "online"]
[Date "2021.09.02"]
[EventDate "2021.09.02"]
[Round "2.227"]
[White "Walker, Rhys"]
[WhiteElo "850"]
[WhiteTeam "Knights of Fishponds"]
[Black "Jassar, Ryan"]
[BlackElo "800"]
[BlackTeam "Brentwood School C"]
[Result "1-0"]
[PlyCount "67"]

1. e4 e6 2. d4 Bb4+ 3. Nc3 Nf6 4. a3 Bxc3+ 5. bxc3 O-O 6. e5 Ne4 7. Qd3 d5 8. Be2 Qh4 9. Nf3 Qxf2+ 10. Kd1 Qxg2 11. Rg1 Nf2+ 12. Kd2 Nxd3 13. Rxg2 Nf4 14. Rg4 Nxe2 15. Kxe2 f6 16. Bh6 g6 17. Bxf8 Kxf8 18. exf6 h5 19. Rxg6 Kf7 20. Rh6 e5 21. Ng5+ Ke8 22. f7+ Kd7 23. f8=Q Nc6 24. Rh7+ Ne7 25. Qxe7+ Kc6 26. Qxc7+ Kb5 27. a4+ Ka6 28. Rh6+ b6 29. Rb1 Bg4+ 30. Ke3 Ka5 31. Rb5+ Kxa4 32. Qc6 Rc8 33. Rb4+ Ka5 34. Qb5# 1-0

[Event "Junior Online 4NCL Division 4"]
[Site "online"]
[Date "2021.09.02"]
[EventDate "2021.09.02"]
[Round "2.228"]
[White "Glover, Riley"]
[WhiteElo "800"]
[WhiteTeam "Brentwood School C"]
[Black "Huke, Senna"]
[BlackElo "850"]
[BlackTeam "Knights of Fishponds"]
[Result "1-0"]
[PlyCount "49"]

1. d3 d6 2. e3 e6 3. Bd2 Bd7 4. Be2 Be7 5. Nc3 Nc6 6. Nf3 Nf6 7. O-O O-O 8. Ng5 Ng4 9. Bxg4 Bxg5 10. Ne4 Ne5 11. f4 Nxg4 12. fxg5 d5 13. Ng3 Ne5 14. d4 Nc4 15. Bb4 Re8 16. e4 dxe4 17. Nxe4 f6 18. gxf6 gxf6 19. Nxf6+ Kf7 20. Nxh7+ Kg6 21. Qd3+ Kh6 22. Nf6 Rf8 23. Qh7+ Kg5 24. Bd2+ Ne3 25. Bxe3# 1-0

[Event "Junior Online 4NCL Division 4"]
[Site "online"]
[Date "2021.09.02"]
[EventDate "2021.09.02"]
[Round "2.251"]
[White "Dodhia, Aarav"]
[WhiteElo "800"]
[WhiteTeam "Edgware Gambits L"]
[Black "Roets, Daniel"]
[BlackElo "1017"]
[BlackTeam "Wimbledon Juniors B"]
[Result "0-1"]
[PlyCount "72"]

1. e4 e5 2. Nf3 Nc6 3. Nc3 Nf6 4. Bc4 Bc5 5. d3 d6 6. Bg5 h6 7. Bh4 Bg4 8. O-O Nd4 9. Nd5 Nxf3+ 10. gxf3 Bh3 11. Re1 a6 12. c3 g5 13. b4 Nxd5 14. Bxd5 Bb6 15. Bg3 h5 16. a4 h4 17. Bxe5 dxe5 18. a5 Ba7 19. d4 Rg8 20. dxe5 Qe7 21. e6 fxe6 22. Bxb7 Rb8 23. Bc6+ Kf7 24. e5 g4 25. fxg4 Rxg4+ 26. Qxg4 Bxg4 27. Re3 Bxe3 28. fxe3 Rg8 29. Kf1 Bh3+ 30. Kf2 Rg2+ 31. Kf3 Qf8 32. Kf4 Rf2+ 33. Ke4 Bg2+ 34. Kd4 Qd8+ 35. Kc4 Bxc6 36. Kc5 Qd5# 0-1

[Event "Junior Online 4NCL Division 4"]
[Site "online"]
[Date "2021.09.02"]
[EventDate "2021.09.02"]
[Round "2.253"]
[White "Dodhia, Saavir"]
[WhiteElo "700"]
[WhiteTeam "Edgware Gambits L"]
[Black "Power, Cormac"]
[BlackElo "900"]
[BlackTeam "Wimbledon Juniors B"]
[Result "0-1"]
[PlyCount "62"]

1. e4 e5 2. Nf3 Nc6 3. Nc3 Nf6 4. Bc4 Bc5 5. O-O O-O 6. d3 h6 7. Bb5 d6 8. a3 Bb6 9. Nd5 Nxd5 10. exd5 Ne7 11. Qd2 Nxd5 12. d4 exd4 13. Nxd4 Bxd4 14. Qxd4 Nb6 15. Bd2 f6 16. Bc3 Nd7 17. Rae1 Ne5 18. Qe3 c6 19. Qh3 Bxh3 20. Bc4+ d5 21. Bb3 Bd7 22. Re3 Re8 23. Rg3 g5 24. Rh3 Kg7 25. Bd2 Bxh3 26. c3 Be6 27. Be3 Bc8 28. Bc5 Ng4 29. Bc2 b6 30. Bd4 Qd6 31. Bd3 Qxh2# 0-1

[Event "Junior Online 4NCL Division 4"]
[Site "online"]
[Date "2021.09.02"]
[EventDate "2021.09.02"]
[Round "2.255"]
[White "Roets, Daniel"]
[WhiteElo "1017"]
[WhiteTeam "Wimbledon Juniors B"]
[Black "Dodhia, Aarav"]
[BlackElo "800"]
[BlackTeam "Edgware Gambits L"]
[Result "1-0"]
[PlyCount "77"]

1. e4 c5 2. Nf3 Nc6 3. Bc4 e5 4. d3 g6 5. Ng5 Nh6 6. Qf3 Qe7 7. Nc3 Nb4 8. Bb3 Bg7 9. a3 Nc6 10. Nd5 Qf6 11. Nxf6+ Bxf6 12. Qxf6 O-O 13. Bxf7+ Nxf7 14. Nxf7 Rxf7 15. Qh4 d6 16. Bh6 Rf4 17. Qd8+ Nxd8 18. Bxf4 exf4 19. f3 Ne6 20. b4 Nd4 21. Kd2 cxb4 22. axb4 Be6 23. Ra4 Bd7 24. b5 Bxb5 25. Rxd4 Rd8 26. e5 d5 27. c4 Ba4 28. cxd5 b5 29. d6 b4 30. e6 b3 31. e7 Rc8 32. d7 Rb8 33. d8=Q+ Rxd8 34. exd8=Q+ Kf7 35. Rd6 b2 36. Qc7+ Kf8 37. Rd8+ Be8 38. Re1 b1=Q 39. Rexe8# 1-0

[Event "Junior Online 4NCL Division 4"]
[Site "online"]
[Date "2021.09.02"]
[EventDate "2021.09.02"]
[Round "2.257"]
[White "Power, Cormac"]
[WhiteElo "900"]
[WhiteTeam "Wimbledon Juniors B"]
[Black "Dodhia, Saavir"]
[BlackElo "700"]
[BlackTeam "Edgware Gambits L"]
[Result "1-0"]
[PlyCount "119"]

1. e4 e5 2. Nf3 Nc6 3. Nc3 Nf6 4. Bc4 Nxe4 5. Nxe4 d6 6. d3 d5 7. Bb5 dxe4 8. dxe4 Bb4+ 9. c3 Qf6 10. O-O O-O 11. Ng5 Bc5 12. Qg4 Bxg4 13. h3 Bh5 14. g4 Bxg4 15. hxg4 Qh6 16. Nxf7 Rxf7 17. Bxh6 gxh6 18. Rad1 Raf8 19. Rd2 Rg7 20. Kg2 Rxg4+ 21. Kh3 Rxe4 22. f3 Ref4 23. Rg2+ Kh8 24. Rfg1 Rxf3+ 25. Kh2 e4 26. Rh1 Bd6+ 27. Kg1 Bc5+ 28. Kh2 Ne5 29. b4 Bd6 30. Be2 Ng4+ 31. Kg1 Bc5+ 32. bxc5 Rxc3 33. Rxg4 Rc1+ 34. Kh2 Rf2+ 35. Rg2 Rxh1+ 36. Kxh1 Rf4 37. Kh2 Rh4+ 38. Kg3 Rh5 39. Bxh5 a5 40. Re2 b5 41. Rxe4 a4 42. Re2 b4 43. c6 b3 44. axb3 axb3 45. Rb2 Kg7 46. Rxb3 Kf6 47. Rb7 Kg5 48. Be2 h5 49. Rxc7 h4+ 50. Kh2 Kf4 51. Rxh7 h3 52. Rxh3 Ke4 53. c7 Ke5 54. c8=Q Kd4 55. Qd8+ Ke4 56. Rh8 Ke3 57. Re8+ Kf2 58. Qd7 Ke1 59. Bb5+ Kf2 60. Qf7# 1-0

[Event "Junior Online 4NCL Division 4"]
[Site "online"]
[Date "2021.09.02"]
[EventDate "2021.09.02"]
[Round "2.262"]
[White "Choi, Ethan"]
[WhiteElo "927"]
[WhiteTeam "Surrey Kings 6"]
[Black "Lewis, Tom"]
[BlackElo "900"]
[BlackTeam "Edgware Gambits I"]
[Result "0-1"]
[PlyCount "30"]

1. e4 e5 2. Nf3 Nc6 3. Bc4 Nf6 4. d3 Bc5 5. Bg5 d6 6. Nc3 Bg4 7. h4 Nd4 8. Bb5+ c6 9. Bc4 O-O 10. Nd5 cxd5 11. Bxf6 Qxf6 12. Bxd5 Bxf3 13. gxf3 Nxf3+ 14. Kf1 Ng5 15. Bxb7 Qxf2# 0-1

[Event "Junior Online 4NCL Division 4"]
[Site "online"]
[Date "2021.09.02"]
[EventDate "2021.09.02"]
[Round "2.263"]
[White "Kaul-Green, Axel"]
[WhiteElo "800"]
[WhiteTeam "Edgware Gambits I"]
[Black "Salguero, Francisco Javier"]
[BlackElo "765"]
[BlackTeam "Surrey Kings 6"]
[Result "1-0"]
[PlyCount "83"]

1. e4 e5 2. Nf3 Nc6 3. Nc3 Nf6 4. Bc4 Bc5 5. Ng5 O-O 6. O-O Ng4 7. Qxg4 d5 8. exd5 Bxg4 9. h3 Bf5 10. dxc6 Qxg5 11. d4 Bxd4 12. Bxg5 bxc6 13. Rab1 h6 14. Be3 Kh7 15. Bxd4 exd4 16. Ne2 d3 17. Nd4 Bd7 18. cxd3 c5 19. Nb5 c6 20. Nc7 Rac8 21. Na6 Be6 22. Bxe6 fxe6 23. Nxc5 Rce8 24. Nd7 Rf7 25. Ne5 Rf5 26. Nxc6 e5 27. Nxa7 Re7 28. Nc6 Re6 29. d4 exd4 30. Nxd4 Ree5 31. Nxf5 Rxf5 32. g4 Rf4 33. a3 Rf3 34. Kg2 Rd3 35. b4 Rxa3 36. b5 Ra8 37. b6 Rb8 38. b7 Rc8 39. bxc8=Q g5 40. Rb6 h5 41. Qc7+ Kg8 42. Rb8# 1-0

[Event "Junior Online 4NCL Division 4"]
[Site "online"]
[Date "2021.09.02"]
[EventDate "2021.09.02"]
[Round "2.264"]
[White "Liu, Kieron"]
[WhiteElo "262"]
[WhiteTeam "Surrey Kings 6"]
[Black "Szajman, Benjamin"]
[BlackElo "870"]
[BlackTeam "Edgware Gambits I"]
[Result "1-0"]
[PlyCount "29"]

1. e4 e5 2. Nf3 Nc6 3. Bc4 Nf6 4. Ng5 Bb4 5. Nxf7 O-O 6. Nxd8+ Kh8 7. Nxc6 bxc6 8. O-O Nxe4 9. d3 Nxf2 10. Rxf2 Rxf2 11. Kxf2 Bc5+ 12. Kf1 d5 13. Qh5 dxc4 14. Qe8+ Bf8 15. Qxf8# 1-0

[Event "Junior Online 4NCL Division 4"]
[Site "online"]
[Date "2021.09.02"]
[EventDate "2021.09.02"]
[Round "2.266"]
[White "Lewis, Tom"]
[WhiteElo "900"]
[WhiteTeam "Edgware Gambits I"]
[Black "Choi, Ethan"]
[BlackElo "927"]
[BlackTeam "Surrey Kings 6"]
[Result "1-0"]
[PlyCount "21"]

1. e4 e5 2. Nf3 Nc6 3. Nc3 Bb4 4. Bc4 Bc5 5. d3 d6 6. O-O Bg4 7. h3 Bxh3 8. Ng5 Bxg2 9. Bxf7+ Kd7 10. Nd5 Bxf1 11. Qg4# 1-0

[Event "Junior Online 4NCL Division 4"]
[Site "online"]
[Date "2021.09.02"]
[EventDate "2021.09.02"]
[Round "2.267"]
[White "Salguero, Francisco Javier"]
[WhiteElo "765"]
[WhiteTeam "Surrey Kings 6"]
[Black "Kaul-Green, Axel"]
[BlackElo "800"]
[BlackTeam "Edgware Gambits I"]
[Result "0-1"]
[PlyCount "50"]

1. e4 e5 2. Nf3 Nc6 3. Nxe5 Nxe5 4. Qh5 Nc6 5. d4 Nf6 6. Qg5 Nxe4 7. Qf4 Nf6 8. d5 Nxd5 9. Qe4+ Qe7 10. Qe2 Nf4 11. Qe3 Nd4 12. Bc4 Nxc2+ 13. Kd1 Nxe3+ 14. Bxe3 Nxg2 15. Re1 Nxe1 16. Kxe1 c6 17. Kf1 d5 18. Bc5 Qxc5 19. Bb3 h5 20. Nc3 Rh6 21. Na4 Qd4 22. Rd1 Qf4 23. Nc3 Rf6 24. Re1+ Kd8 25. Ba4 Qxf2# 0-1

[Event "Junior Online 4NCL Division 4"]
[Site "online"]
[Date "2021.09.02"]
[EventDate "2021.09.02"]
[Round "2.268"]
[White "Szajman, Benjamin"]
[WhiteElo "870"]
[WhiteTeam "Edgware Gambits I"]
[Black "Liu, Kieron"]
[BlackElo "262"]
[BlackTeam "Surrey Kings 6"]
[Result "0-1"]
[PlyCount "84"]

1. e4 e5 2. Nf3 Nc6 3. Nc3 Nf6 4. Bb5 a6 5. Bxc6 dxc6 6. O-O Bg4 7. d3 Bc5 8. Bg5 Bd4 9. Nxd4 Bxd1 10. Raxd1 exd4 11. Ne2 h6 12. Bxf6 Qxf6 13. c3 dxc3 14. bxc3 O-O-O 15. d4 c5 16. e5 Qf5 17. Ng3 Qc2 18. a4 cxd4 19. cxd4 c5 20. Ne2 Qxe2 21. Rde1 Qd2 22. Rd1 Qc2 23. Rc1 Qxa4 24. Rxc5+ Kb8 25. d5 Ka7 26. d6 Kb6 27. Rd5 Kc6 28. Rdd1 Qf4 29. d7 Rxd7 30. Rxd7 Kxd7 31. Re1 f6 32. e6+ Ke7 33. g3 Qd2 34. Re3 Qd1+ 35. Kg2 Qd5+ 36. f3 Qd2+ 37. Re2 Qxe2+ 38. Kh3 Kxe6 39. g4 Rd8 40. f4 Rd2 41. Kg3 Qg2+ 42. Kh4 Qxh2# 0-1

[Event "Junior Online 4NCL Division 4"]
[Site "online"]
[Date "2021.09.16"]
[EventDate "2021.09.16"]
[Round "3.11"]
[White "Rajaram, Dilip"]
[WhiteElo "1206"]
[WhiteTeam "Chess Challengers D"]
[Black "Quillaud, Maxime"]
[BlackElo "1420"]
[BlackTeam "Desert Penguins Jupiter"]
[Result "1-0"]
[PlyCount "87"]

1. c4 e5 2. Nc3 Nf6 3. d3 b6 4. Bd2 Bb7 5. e3 Be7 6. Nge2 O-O 7. Qc2 d6 8. f3 Nbd7 9. g4 h6 10. h4 Bxf3 11. Rg1 Bxg4 12. d4 g6 13. Nd5 c6 14. Nxf6+ Nxf6 15. dxe5 dxe5 16. O-O-O Qc7 17. Bc3 Kh7 18. Re1 Bf5 19. Qb3 h5 20. Ng3 Bg4 21. Be2 Rad8 22. Bxg4 Nxg4 23. Ne4 Bxh4 24. Re2 Be7 25. Nf2 Nxf2 26. Rxf2 Bc5 27. Bb4 Bxe3+ 28. Qxe3 c5 29. Bd2 Rh8 30. Rh2 Kg8 31. Qg5 Kf8 32. Rf1 Qd6 33. Rhf2 Rh7 34. Rf6 Qd3 35. b3 Rd7 36. Qe3 Qxe3 37. Bxe3 h4 38. Rxg6 h3 39. Rh6 Rxh6 40. Bxh6+ Ke7 41. Bg5+ Ke6 42. Rf6+ Ke7 43. Rh6+ Ke8 44. Rh8# 1-0

[Event "Junior Online 4NCL Division 4"]
[Site "online"]
[Date "2021.09.16"]
[EventDate "2021.09.16"]
[Round "3.12"]
[White "Tengayev, Arman"]
[WhiteElo "1314"]
[WhiteTeam "Desert Penguins Jupiter"]
[Black "Chandrasekar, Neel"]
[BlackElo "1230"]
[BlackTeam "Chess Challengers D"]
[Result "0-1"]
[PlyCount "124"]

1. d4 d5 2. c4 e6 3. Nc3 Nc6 4. Nf3 Nf6 5. Bg5 Be7 6. e3 O-O 7. cxd5 exd5 8. Bd3 h6 9. Bh4 Be6 10. O-O Nd7 11. Bxe7 Qxe7 12. Qc2 Nf6 13. Rab1 Rfd8 14. Rfc1 Nb4 15. Qd2 Nxd3 16. Qxd3 Rac8 17. a3 Bg4 18. Qe2 Bf5 19. Ra1 Ne4 20. Nxe4 Bxe4 21. Ne5 f6 22. Nd3 Bxd3 23. Qxd3 c5 24. dxc5 Rxc5 25. Qd4 b6 26. b4 Rc7 27. h3 Qd6 28. Qd2 Rdc8 29. Rxc7 Rxc7 30. Rc1 Rxc1+ 31. Qxc1 Kf7 32. Qc3 Qe5 33. Qd3 Ke6 34. f4 Qe4 35. Qxe4+ dxe4 36. Kf2 Kd5 37. Kg3 Kc4 38. Kh4 Kb3 39. Kh5 Kxa3 40. Kg6 Kxb4 41. Kxg7 a5 42. Kxf6 a4 43. Ke5 a3 44. Kd4 a2 45. Kxe4 a1=Q 46. Kf3 Qf6 47. Kg3 Kc3 48. Kf3 Kd3 49. g4 Qe6 50. Kg3 Qxe3+ 51. Kh4 Qe7+ 52. Kg3 b5 53. Kf3 b4 54. Kg3 b3 55. Kf3 b2 56. Kg3 b1=Q 57. g5 hxg5 58. Kg4 gxf4 59. Kf3 Qe3+ 60. Kg4 Qbg1+ 61. Kf5 Qe4+ 62. Kf6 Qgg6# 0-1

[Event "Junior Online 4NCL Division 4"]
[Site "online"]
[Date "2021.09.16"]
[EventDate "2021.09.16"]
[Round "3.13"]
[White "Khandelwal, Ritisha"]
[WhiteElo "1220"]
[WhiteTeam "Chess Challengers D"]
[Black "Dane, James"]
[BlackElo "1248"]
[BlackTeam "Desert Penguins Jupiter"]
[Result "1-0"]
[PlyCount "83"]

1. e4 c5 2. b3 d6 3. Bb2 Nc6 4. Nf3 Nf6 5. Bd3 e6 6. O-O a6 7. e5 dxe5 8. Nxe5 Nxe5 9. Bxe5 Bd6 10. Bb2 O-O 11. Qf3 Qc7 12. Qh3 Be5 13. Nc3 b5 14. Nd1 Bxb2 15. Nxb2 Bb7 16. a4 bxa4 17. Rxa4 Rfd8 18. Nc4 Rd4 19. Ne3 Rxa4 20. bxa4 Qc6 21. Qh4 Rd8 22. f3 Rd4 23. Qh3 Rxa4 24. Ng4 Rxg4 25. fxg4 Qd5 26. Rf2 a5 27. Qe3 a4 28. Bb5 Bc6 29. Bxc6 Qxc6 30. Rf3 Qa6 31. Qxc5 Qa8 32. d4 h6 33. Qb4 Nxg4 34. d5 exd5 35. Qxg4 Qb8 36. Qxa4 Qb1+ 37. Rf1 Qb6+ 38. Kh1 Qb2 39. Qe8+ Kh7 40. Qxf7 Qxc2 41. Qf5+ Kh8 42. Qxc2 1-0

[Event "Junior Online 4NCL Division 4"]
[Site "online"]
[Date "2021.09.16"]
[EventDate "2021.09.16"]
[Round "3.14"]
[White "Cleanis, Theo"]
[WhiteElo "1151"]
[WhiteTeam "Desert Penguins Jupiter"]
[Black "Bhaskaran, Adithya"]
[BlackElo "1200"]
[BlackTeam "Chess Challengers D"]
[Result "1-0"]
[PlyCount "53"]

1. d4 d5 2. c4 Nf6 3. Nc3 dxc4 4. e3 Bd7 5. Bxc4 e6 6. Nge2 Bd6 7. Bd2 O-O 8. Qc2 h6 9. O-O e5 10. dxe5 Bxe5 11. Rfd1 Qe7 12. Nd5 c6 13. Nxe7+ Kh8 14. Bc3 Bxc3 15. Qxc3 Re8 16. Qb4 b5 17. Bxf7 a5 18. Qd6 Ne4 19. Qe5 Rf8 20. Ng6+ Kh7 21. Nxf8+ Kh8 22. Nxd7 Nxd7 23. Rxd7 Rf8 24. Qxe4 g5 25. h3 b4 26. Qxc6 h5 27. Qh6# 1-0

[Event "Junior Online 4NCL Division 4"]
[Site "online"]
[Date "2021.09.16"]
[EventDate "2021.09.16"]
[Round "3.15"]
[White "Quillaud, Maxime"]
[WhiteElo "1420"]
[WhiteTeam "Desert Penguins Jupiter"]
[Black "Rajaram, Dilip"]
[BlackElo "1206"]
[BlackTeam "Chess Challengers D"]
[Result "1-0"]
[PlyCount "121"]

1. d4 d5 2. c4 c6 3. Nf3 Nf6 4. Nc3 e6 5. Bf4 Nbd7 6. h3 b6 7. b4 Bxb4 8. Qb3 a5 9. a3 Bxc3+ 10. Qxc3 dxc4 11. Qxc4 Bb7 12. e3 b5 13. Qc3 Ne4 14. Qc2 c5 15. Bxb5 cxd4 16. Nxd4 Nf6 17. O-O Nh5 18. Bc7 Qg5 19. Bc6 Bxc6 20. Qxc6 Rc8 21. Nb5 O-O 22. Qxd7 Nf6 23. Qd3 Nd5 24. Bg3 f5 25. a4 f4 26. exf4 Nxf4 27. Qe3 h5 28. Bxf4 Qxf4 29. Qxe6+ Kh7 30. Qe3 Qf5 31. Nd6 Qg6 32. Nxc8 Rxc8 33. Rfe1 Rf8 34. Qe4 Rf5 35. Rab1 Rg5 36. Qxg6+ Kxg6 37. Rb5 Rxb5 38. axb5 Kf5 39. Ra1 Ke6 40. Rxa5 Kd7 41. Ra3 Kc8 42. Rb3 Kb7 43. Kh2 g5 44. Kg3 h4+ 45. Kg4 Kb6 46. Kxg5 Kb7 47. Kxh4 Kb6 48. f4 Kc7 49. f5 Kb7 50. f6 Kc7 51. f7 Kd6 52. f8=Q+ Ke6 53. Re3+ Kd5 54. Qf5+ Kc4 55. Qf4+ Kc5 56. Re5+ Kb6 57. Qf6+ Ka5 58. b6+ Ka6 59. Qd6 Kb7 60. Qc7+ Ka6 61. Qa7# 1-0

[Event "Junior Online 4NCL Division 4"]
[Site "online"]
[Date "2021.09.16"]
[EventDate "2021.09.16"]
[Round "3.16"]
[White "Chandrasekar, Neel"]
[WhiteElo "1230"]
[WhiteTeam "Chess Challengers D"]
[Black "Tengayev, Arman"]
[BlackElo "1314"]
[BlackTeam "Desert Penguins Jupiter"]
[Result "1-0"]
[PlyCount "113"]

1. e4 c5 2. Nf3 d6 3. d4 cxd4 4. Nxd4 Nf6 5. Nc3 e6 6. Bb5+ Nbd7 7. Bxd7+ Qxd7 8. O-O Be7 9. Nf3 a6 10. a4 O-O 11. Bf4 Qc6 12. Re1 b6 13. e5 dxe5 14. Bxe5 Bb7 15. Qe2 Ng4 16. Bg3 Bd6 17. Bxd6 Qxd6 18. Qd2 Qc7 19. Ne4 f5 20. Ng3 Rf6 21. h3 Nh6 22. Qd3 Rg6 23. Ne5 Rf6 24. Qd7 Qc8 25. Qxc8+ Rxc8 26. c3 Nf7 27. Nd7 Rg6 28. Nxb6 Rc6 29. Nd7 Rc7 30. Ne5 Nxe5 31. Rxe5 Rd7 32. Re2 f4 33. Ne4 Bxe4 34. Rxe4 Rf7 35. Rc1 f3 36. g3 Rb7 37. Rc2 Rd7 38. Re1 Rh6 39. h4 g5 40. hxg5 Rh3 41. c4 Rd6 42. c5 Rc6 43. b4 e5 44. Re4 h6 45. gxh6 Rcxh6 46. Rh4 R6xh4 47. gxh4 Rxh4 48. c6 Rg4+ 49. Kf1 Rd4 50. Rc1 Rd8 51. c7 Rc8 52. b5 axb5 53. axb5 Kf7 54. b6 Ke7 55. b7 Re8 56. c8=Q Rxc8 57. bxc8=Q 1-0

[Event "Junior Online 4NCL Division 4"]
[Site "online"]
[Date "2021.09.16"]
[EventDate "2021.09.16"]
[Round "3.17"]
[White "Dane, James"]
[WhiteElo "1248"]
[WhiteTeam "Desert Penguins Jupiter"]
[Black "Khandelwal, Ritisha"]
[BlackElo "1220"]
[BlackTeam "Chess Challengers D"]
[Result "0-1"]
[PlyCount "76"]

1. d4 c5 2. dxc5 Qa5+ 3. Nc3 Qxc5 4. Nf3 Nf6 5. e3 e6 6. Bd3 Bd6 7. O-O O-O 8. Bd2 Qc7 9. Rc1 Ng4 10. h3 Bh2+ 11. Kh1 Nxf2+ 12. Rxf2 Bg3 13. Rf1 Nc6 14. Ng5 f5 15. Nb5 Qd8 16. Nf3 Qf6 17. Bc3 Ne5 18. a3 a6 19. Nbd4 Nxd3 20. Qxd3 e5 21. Ne2 Qg6 22. Nxe5 Qb6 23. Rf3 Bh4 24. Nxd7 Bxd7 25. Qxd7 Rad8 26. Qa4 Bg5 27. Qb3+ Kh8 28. Qxb6 Bh6 29. Rg3 Rde8 30. Qxb7 Rg8 31. Qxa6 Bxe3 32. Qa7 Bxa7 33. Nf4 Be3 34. Rf1 Re4 35. Nh5 Re7 36. b4 Bh6 37. b5 Rb7 38. Rb1 Rgb8 0-1

[Event "Junior Online 4NCL Division 4"]
[Site "online"]
[Date "2021.09.16"]
[EventDate "2021.09.16"]
[Round "3.18"]
[White "Bhaskaran, Adithya"]
[WhiteElo "1200"]
[WhiteTeam "Chess Challengers D"]
[Black "Cleanis, Theo"]
[BlackElo "1151"]
[BlackTeam "Desert Penguins Jupiter"]
[Result "0-1"]
[PlyCount "150"]

1. e4 c5 2. Nc3 d6 3. Bc4 Nc6 4. Nf3 e6 5. O-O Be7 6. d3 Nf6 7. Bg5 Bd7 8. h3 O-O 9. Re1 Qc7 10. Bb3 a6 11. a4 Rfd8 12. Qd2 Ne8 13. Bf4 Nf6 14. e5 dxe5 15. Nxe5 Qc8 16. Re2 Nd4 17. Re3 Nxb3 18. cxb3 Bd6 19. Nxf7 Bxf4 20. Nxd8 Bxe3 21. Qxe3 Qxd8 22. Qxc5 Qc8 23. Qe3 Rb8 24. Rc1 Qf8 25. Qe5 Rc8 26. Re1 Re8 27. Re3 Qf7 28. Rf3 Bc6 29. Rg3 Nd7 30. Qe3 Nf6 31. b4 Nh5 32. Rg4 Nf6 33. Rf4 Qe7 34. Qg3 Nh5 35. Qg4 Nxf4 36. Qxf4 Qf6 37. Qe3 Qg6 38. f3 Rf8 39. Kf2 e5 40. b5 axb5 41. axb5 Bd7 42. Qxe5 Qxd3 43. Qg5 Qc2+ 44. Kg1 Qxb2 45. Qd5+ Rf7 46. Ne4 Qxb5 47. Qa2 Kf8 48. Qa3+ Re7 49. Nd6 Qb1+ 50. Kh2 Qb6 51. Ne4 Bc6 52. Ng5 h6 53. Nh7+ Ke8 54. Qa2 Qc5 55. Qg8+ Kd7 56. Nf8+ Kd6 57. Ng6 Rd7 58. Qf8+ Kd5 59. Nf4+ Kc4 60. Qg8+ Bd5 61. Qh7 Qd6 62. Qc2+ Kd4 63. Qd2+ Ke5 64. Nd3+ Kf6+ 65. Kh1 Bc4 66. Qc3+ Qd4 67. Qa5 Qxd3 68. Qb6+ Rd6 69. Qf2 Qd1+ 70. Kh2 g5 71. Qg3 Qd5 72. f4 gxf4 73. Qxf4+ Qf5 74. Qxc4 Qe5+ 75. Kh1 Rd1+ 0-1

[Event "Junior Online 4NCL Division 4"]
[Site "online"]
[Date "2021.09.16"]
[EventDate "2021.09.16"]
[Round "3.21"]
[White "Tsagkarakis, Georgios"]
[WhiteElo "975"]
[WhiteTeam "Lenzie Dementors"]
[Black "Anandkumar, Govind"]
[BlackElo "1217"]
[BlackTeam "Young Dragons C"]
[Result "1-0"]
[PlyCount "65"]

1. e4 e6 2. c3 d5 3. exd5 exd5 4. d4 Nf6 5. h3 Bd6 6. Be3 O-O 7. Bd3 Qe7 8. Nf3 Bf4 9. Qe2 Bd6 10. O-O Be6 11. Bg5 Nbd7 12. Qc2 h6 13. Be3 Rfe8 14. Nbd2 c5 15. dxc5 Nxc5 16. Bb5 Ncd7 17. b4 a6 18. Bd3 Rac8 19. Nd4 Be5 20. Qb3 Rc7 21. Rac1 Nb6 22. Nxe6 Qxe6 23. Nf3 Rec8 24. Nxe5 Qxe5 25. Bxb6 Rxc3 26. Rxc3 Rxc3 27. Qb2 d4 28. Bb1 Nd7 29. Bc5 b6 30. Bxd4 Qxd4 31. Bc2 Qd2 32. Rc1 Ne5 33. Bh7+ 1-0

[Event "Junior Online 4NCL Division 4"]
[Site "online"]
[Date "2021.09.16"]
[EventDate "2021.09.16"]
[Round "3.22"]
[White "Bagga, Khushi"]
[WhiteElo "1071"]
[WhiteTeam "Young Dragons C"]
[Black "Banerjee, Supratit"]
[BlackElo "623"]
[BlackTeam "Lenzie Dementors"]
[Result "0-1"]
[PlyCount "52"]

1. e4 e5 2. Nf3 Nc6 3. Nc3 d6 4. d4 exd4 5. Nxd4 Bd7 6. Bc4 Be7 7. Be3 Nf6 8. Qf3 Ne5 9. Qe2 O-O 10. f4 Nxc4 11. Qxc4 Ng4 12. Qd3 c5 13. Nf3 b5 14. h3 Nxe3 15. Qxe3 b4 16. Nd5 Be6 17. O-O Bxd5 18. exd5 Bf6 19. Rab1 Re8 20. Qd3 h6 21. Rfe1 Qd7 22. Rxe8+ Rxe8 23. Qa6 Re3 24. Kh1 Rxf3 25. gxf3 Qxh3+ 26. Kg1 Bd4# 0-1

[Event "Junior Online 4NCL Division 4"]
[Site "online"]
[Date "2021.09.16"]
[EventDate "2021.09.16"]
[Round "3.23"]
[White "Arya, Aadit"]
[WhiteElo "622"]
[WhiteTeam "Lenzie Dementors"]
[Black "Swartz, Edward RG"]
[BlackElo "1013"]
[BlackTeam "Young Dragons C"]
[Result "0-1"]
[PlyCount "58"]

1. e4 e5 2. Nf3 Nc6 3. Bc4 Bc5 4. b4 Bxb4 5. c3 Ba5 6. d4 exd4 7. O-O dxc3 8. Qb3 Qe7 9. Ba3 Bb4 10. Bxb4 Nxb4 11. Bxf7+ Qxf7 12. Qxb4 d6 13. Nxc3 Nf6 14. Ne5 dxe5 15. Rad1 Qe7 16. Qc4 Be6 17. Nd5 Bxd5 18. Rxd5 Nxd5 19. Qxd5 c6 20. Qb3 O-O-O 21. a4 Rd7 22. a5 Rhd8 23. Rb1 Rd3 24. Qc2 Rd2 25. Qb3 R8d3 26. Qa4 Qc5 27. Rf1 Qb5 28. Qa1 Qb2 29. Qa4 Rd4 0-1